[Event "Asia-ch U18 Girls"]
[Site "Tagaytay City"]
[Date "2024.10.15"]
[Round "4"]
[White "Chen, Pin I"]
[Black "Justo, Alexis Rian"]
[Result "1-0"]
[WhiteElo "1617"]
[BlackElo "1582"]
[PlyCount "135"]
[EventDate "2024.10.13"]
[EventType "swiss"]
[EventRounds "9"]
[EventCountry "PHI"]
[SourceTitle "CB43_2024"]
[Source "Chessbase"]
[SourceDate "2024.10.23"]
[SourceVersion "1"]
[SourceVersionDate "2024.10.23"]
[SourceQuality "1"]

1. d4 d5 2. c4 c6 3. Nf3 Nf6 4. Qc2 Bg4 5. Nbd2 e6 6. g3 Bf5 7. Qb3 Qc7 8. Bg2 h6 9. 0-0 Nbd7 10. Re1 Be7 11. Nh4 Bh7 12. cxd5 exd5 13. e4 dxe4 14. Nxe4 0-0 15. Bf4 Qb6 16. Qxb6 axb6 17. Nd6 Bxd6 18. Bxd6 Rfe8 19. a3 Ne4 20. Bb4 Rab8 21. Rad1 g5 22. Nf3 Bf5 23. Nd2 Nxd2 24. Bxd2 Nf6 25. Rxe8+ Rxe8 26. Re1 Rxe1+ 27. Bxe1 Kf8 28. Bb4+ Ke8 29. Kf1 Kd7 30. Ke2 Ke6 31. h3 Bc2 32. Kd2 Be4 33. Bxe4 Nxe4+ 34. Ke3 f5 35. g4 fxg4 36. Kxe4 gxh3 37. Kf3 g4+ 38. Kg3 h5 39. Be1 Kf5 40. f3 h4+ 41. Kh2 Kf4 42. fxg4 Kxg4 43. a4 Kf4 44. Kxh3 Ke4 45. Bc3 Kd5 46. Kxh4 Kc4 47. Kg4 Kd5 48. Kf5 Kc4 49. Ke5 Kb3 50. a5 bxa5 51. Bxa5 Kxb2 52. Bb6 Kb3 53. Kd6 Kc4 54. Kc7 Kd5 55. Kxb7 Kd6 56. Bc5+ Kd7 57. Kb6 Kd8 58. Kxc6 Kc8 59. d5 Kd8 60. d6 Ke8 61. d7+ Kf7 62. d8Q Kg6 63. Qd5 Kg7 64. Qe6 Kh8 65. Qd7 Kg8 66. Bd4 Kf8 67. Bf6 Kg8 68. Qg7# 1-0